LEADER 01279nam0 2200325 450 001 000039853 005 20150128122432.0 010 $a88-464-1420-9 100 $a20141210d1999----km-y0itaa50------ba 101 0 $aita 102 $aIT 200 1 $a<> famiglia di editori$ei Morano e la cultura napoletana tra Otto e Novecento$fLuigi Mascilli Migliorini$gpresentazione di Fulvio Tessitore$gcon un inedito di Pietro Piovani 210 $aMilano$cFranco Angeli$d1999 215 $a202 p.$d22 cm 225 2 $aStudi e ricerche di storia dell'editoria$v5 410 0$12001$aStudi e ricerche di storia dell'editoria$v5 602 $aMorano $xStoria 676 $a070.50945731$v(22. ed.)$9Editoria. Comune di Napoli 700 1$aMascilli Migliorini,$bLuigi$091825 702 1$aTessitore,$bFulvio 702 1$aPiovani,$bPietro 801 0$aIT$bUniversità della Basilicata - B.I.A.$gREICAT$2unimarc 912 $a000039853 996 $aFamiglia di editori$9105199 997 $aUNIBAS BAS $aLETTERE CAT $aEXT017$b01$c20141210$lBAS01$h1123 CAT $aMDL$b30$c20150128$lBAS01$h1224 FMT Z30 -1$lBAS01$LBAS01$mBOOK$1BASA1$APolo Storico-Umanistico$2DID$BDidattica$3FM/113027$6113027$5L113027$820141210$f04$FPrestabile Didattica LEADER 04387nam 2200613Ia 450 001 9910438024203321 005 20200520144314.0 010 $a1-4471-4766-9 010 $a1-299-19708-6 024 7 $a10.1007/978-1-4471-4766-4 035 $a(CKB)2670000000530166 035 $a(EBL)1106287 035 $a(OCoLC)827212104 035 $a(SSID)ssj0000879280 035 $a(PQKBManifestationID)11442830 035 $a(PQKBTitleCode)TC0000879280 035 $a(PQKBWorkID)10851721 035 $a(PQKB)10100761 035 $a(DE-He213)978-1-4471-4766-4 035 $a(MiAaPQ)EBC1106287 035 $a(PPN)168294168 035 $a(EXLCZ)992670000000530166 100 $a20111102d2013 uy 0 101 0 $aeng 135 $aur|n|---||||| 181 $ctxt 182 $cc 183 $acr 200 00$aMen's health /$fPeter H. C. Lim, editor 205 $a1st ed. 2013. 210 $aLondon $cSpringer$d2013 215 $a1 online resource (205 p.) 300 $aDescription based upon print version of record. 311 $a1-4471-4765-0 311 $a1-4471-6202-1 320 $aIncludes bibliographical references and index. 327 $aPreface -- Introduction -- Part 1: Hypogonadism.- Epidemiology: Late Onset Hypogonadism ? Singapore -- Pathophysiology of Late Onset Hypogonadism, Risks and Benefits of Replacement Therapy -- Testosterone Assays and their Potential Pitfalls -- Diagnosing and Evaluating Androgen Defi ciency, Including Andropause -- Testosterone Preparations for Treatment of Hypogonadal Men -- Androgens, Use, Misuse and Abuse -- Testosterone Therapy, Prostate Safety and Other Safety Issues -- The Role of Testosterone in the Metabolic Syndrome in Men -- The Testosterone and Erectile Dysfunction (or Sexual Function) Connection -- Treating Hypogonadism Associated with Erectile Dysfunction -- Traditional Asian Herbs - Potential Use for Late Onset Hypogonadism? -- Effects of Excessive Androgen Use and Abuse -- Practical Pointers for the Practitioner -- Collection Charts/Questionnaires/ Testosterone Calculators/Other Aide Memoirs etc for the General Practitioner. Part 2: Premature Ejaculation.- Introduction -- Etiology of Premature Ejaculation -- Initial Workup and Use of Assessment Tools -- Initial Management of the Newly Diagnosed PE Patient -- Premature Ejaculation - Simple Behavioral Therapy Steps -- Choice of Pharmacologic Agents -- Treatment of the Difficult Case and Advanced Counseling Techniques and When to Refer -- Management of the Infertile Couple When the Male Partner has Ejaculatory Dysfunction -- Delayed Ejaculation -- Collection of Bedside Aids for Diagnosis and Tools for Assessment of Treatment to Goal -- Frequently Asked Questions on Dapoxetine (FAQ?S). Part 3: STIs -- Overview.- HIV/AIDS -- Breaking the News and Counselling -- Prostatitis in Men -- STIs, Depression and Sexual Dysfunction -- Guidelines-Making the Diagnosis & Managing the Partner. 330 $aMen's Health is a concise, didactic compendium that covers three important aspects of male sexual health:- Testosterone Deficiency Syndrome; Premature Ejaculation and Sexually Transmitted Infections (STIs). The chapters that deal with Testosterone Deficiency Syndrome cover the epidemiology of the condition in the local context, the science behind the condition, its clinical presentation and treatment choices. The section on Premature Ejaculation advises the health practitioner on how to investigate this condition and describes the various treatment options available to the patient. The chapters on Sexually Transmitted Infections cover special aspects of  the diagnosis, prevention and treatment of STIs occurring in Men which are not normally highlighted in the usual texts on STI management. Written by experts in the field, Men's Health is a valuable and timely resource for urologists, andrologists, endocrinologists as well as other health professionals practicing in these areas. 606 $aMen$xHealth and hygiene 606 $aHealth 615 0$aMen$xHealth and hygiene. 615 0$aHealth. 676 $a610 676 $a616.4 676 $a616.6 676 $a616.65 701 $aC. Lim$b Peter H$01752327 801 0$bMiAaPQ 801 1$bMiAaPQ 801 2$bMiAaPQ 906 $aBOOK 912 $a9910438024203321 996 $aMen's health$94187603 997 $aUNINA